000 00463nam a2200181Ia 4500
001 864
003 IN-NITTTR
005 20251114232904.0
008 251113s9999||||xx |||||||||||||| ||eng||
040 _beng
040 _cIN-NITTTR
041 _aeng
082 _a547.0724 R545L
100 _aRobertson, G. Ross
245 0 _aLaboratory practice of organic chemistry. /
_cRobertson, G. Ross, Jacobs, Thomas L.
700 _a Jacobs, Thomas L.
942 _2ddc
_cBK
999 _c694
_d694